000 00559nam a22001817a 4500
003 OSt
005 20251118112804.0
008 251118b |||||||| |||| 00| 0 eng d
020 _a 9786219522991
040 _aDWCL-Main lib
_cOC
082 _aFil. 336.2 T112c 2019
100 _aTabag, Enrico D.
245 _a CPA review in taxation with special topics/
_cEnrico D. Tabag
260 _aManila, Philippines :
_b EDT bookshop ,
_c2019
300 _a ii, 762 pages :
_billustrations ;
_c25cm.
650 _a1. Taxation
942 _2ddc
_cBK - FIL
_kFil.
_n0
999 _c5778
_d5778